000 00434nam a22001697a 4500
003 MACL
005 20151226155546.0
008 151226b xxu||||| |||| 00| 0 eng d
040 _cMACL
041 _aEnglish
082 _a729/CHA
100 _aDr.Chatterjee,Madhuchhanda
_922956
245 _aShyamanand Jalan A Pictorial Tribute
260 _aKolkata
_bNatya Shodh Sansthan
_c2010
650 _aTheatre
_922957
942 _2ddc
_cBK
999 _c51997
_d51997